Statistics for Countries with the Highest Population Under Age 15

Click here to take the quiz!

General Stats

  • This quiz has been taken 32,873 times
    (9,680 since last reset)
  • The average score is 15 of 20

Answer Stats

% Total Country % Correct
28372 milIndia
97%
18245 milChina
97%
1962 milUnited States
92%
2246 milBrazil
91%
4484 milNigeria
86%
2734 milMexico
86%
2772 milIndonesia
85%
1825 milRussia
85%
3569 milPakistan
80%
3433 milEgypt
77%
4638 milD.R. Congo
74%
2847 milBangladesh
74%
2419 milIran
72%
4143 milEthiopia
69%
3233 milPhilippines
65%
2322 milVietnam
65%
2520 milTurkey
63%
4020 milKenya
61%
4526 milTanzania
54%
48!21 milUganda
40%

Score Distribution

Percentile by Number Answered

Percent of People with Each Score

Your Score History

You have not taken this quiz since the last reset